000 01801nam a2200229Ia 4500
003 Ost
005 20260507075245.0
008 260507s9999||||xx |||||||||||||| ||und||
040 _cfsecg
041 _aara
082 _a330
100 _aدياب، محمد
_eمؤلف
245 0 _aالتجارة الدولية في عصر العولمة /
_c محمد دياب
260 _aبيروت:
_bدار المنهل اللبناني,
_c2010
300 _a400 صفحة؛
_c24 سم
504 _aمراجع ص.387
520 _aالتجارة الدولية في منظومة العلاقات الاقتصادية الدولية ، الاتجاهات المعاصرة في تطور التقسيم الدولي للعمل ، خصائص و دينامية التجارة الدولية ، نظريات التجارة الدولية(2): المدرسة الكلاسيكية ، نظريات التجارة الدولية (3) : النظريات النيو كلاسيكية في التجارة الدولية (4) : الاتجاهات الحديثة في تفسير التجارة الدولية ، معدل التبادل الدولي و طرق قياسه ، ميزان المدفوعات ، تحركات عوامل الانتاج على المستوى الدولي ، تحركات عوامل الانتاج (2) : حركة رأس المال على المستوى الدولي ( تصدير و استراد رأس المال ) ، الشركات العابرة للقوميات و المتعددة الجنسية ، سياسات التجارة الخارجية ، الحماية التجارية في ظل الازمة ، منظمة التجارة العالمية .
653 _aالتجارة الخارجية
653 _aالتجارة الدولية
653 _aالعولمة
942 _cكتاب
999 _c43651
_d43651